Denaro e valori: la "business ethics" dal punto di vista islamico
| Main Author: | |
|---|---|
| Format: | Print Article |
| Language: | Italian |
| Check availability: | HBZ Gateway |
| Interlibrary Loan: | Interlibrary Loan for the Fachinformationsdienste (Specialized Information Services in Germany) |
| Published: |
[2016]
|
| In: |
Divus Thomas
Year: 2016, Volume: 119, Issue: 2, Pages: 137-170 |
| RelBib Classification: | BJ Islam NCC Social ethics |
MARC
| LEADER | 00000caa a2200000 c 4500 | ||
|---|---|---|---|
| 001 | 1637015356 | ||
| 003 | DE-627 | ||
| 005 | 20170410131616.0 | ||
| 007 | tu | ||
| 008 | 170321s2016 xx ||||| 00| ||ita c | ||
| 035 | |a (DE-627)1637015356 | ||
| 035 | |a (DE-576)485706261 | ||
| 035 | |a (DE-599)BSZ485706261 | ||
| 040 | |a DE-627 |b ger |c DE-627 |e rda | ||
| 041 | |a ita | ||
| 084 | |a 1 |a 0 |2 ssgn | ||
| 100 | 1 | |e VerfasserIn |0 (DE-588)180536168 |0 (DE-627)689541740 |0 (DE-576)362924872 |4 aut |a Francesca, Ersilia | |
| 109 | |a Francesca, Ersilia |a Frānšīskā, Arsīliyā | ||
| 245 | 1 | 0 | |a Denaro e valori |b la "business ethics" dal punto di vista islamico |c Ersilia Francesca |
| 264 | 1 | |c [2016] | |
| 336 | |a Text |b txt |2 rdacontent | ||
| 337 | |a ohne Hilfsmittel zu benutzen |b n |2 rdamedia | ||
| 338 | |a Band |b nc |2 rdacarrier | ||
| 652 | |a BJ:NCC | ||
| 773 | 0 | 8 | |i Enthalten in |t Divus Thomas |d Bologna : Ed. Studio Domenicano, 1880 |g 119(2016), 2, Seite 137-170 |w (DE-627)166747378 |w (DE-600)300183-0 |w (DE-576)015178331 |x 0012-4257 |7 nnas |
| 773 | 1 | 8 | |g volume:119 |g year:2016 |g number:2 |g pages:137-170 |
| 951 | |a AR | ||
| ELC | |b 1 | ||
| ITA | |a 1 |t 1 | ||
| LOK | |0 000 xxxxxcx a22 zn 4500 | ||
| LOK | |0 001 3294953798 | ||
| LOK | |0 003 DE-627 | ||
| LOK | |0 004 1637015356 | ||
| LOK | |0 005 20170410131556 | ||
| LOK | |0 008 170321||||||||||||||||ger||||||| | ||
| LOK | |0 040 |a DE-Tue135 |c DE-627 |d DE-Tue135 | ||
| LOK | |0 092 |o n | ||
| LOK | |0 852 |a DE-Tue135 | ||
| LOK | |0 852 1 |9 00 | ||
| LOK | |0 935 |a ixzs | ||
| LOK | |0 936ln |0 144205283X |a NCC | ||
| LOK | |0 936ln |0 1442043539 |a BJ | ||
| LOK | |0 939 |a 21-03-17 |b l01 | ||
| ORI | |a SA-MARC-ixtheoa001.raw | ||
| REL | |a 1 | ||
| SUB | |a REL | ||



